Derecho penal parte general. el hecho punible / I :

Guardado en:
Autor Principal: Stratenwerth, Günter
Otros Autores: Cancio Meliá, Manuel, (trad.), Sancinetti, Marcelo A., (trad.)
Formato: Libro
Idioma:Spanish
Publicado: Buenos Aires : Hammurabi, 2005
Edición:4a. ed. reel.
Materias:
Etiquetas: Agregar Etiqueta
Sin Etiquetas, Sea el primero en etiquetar este registro!
LEADER 00752nam a22002055a 4500
001 DER.der003725
008 180615s2005####ag#||||||||||||||#||spa||
005 20250703171830.0
245 1 0 |a Derecho penal parte general.  |n I :  |b el hecho punible /  |c Günter Stratenwerth ; traducido por Manuel Cancio Meliá y Marcelo A. Sancinetti. 
250 |a 4a. ed. reel. 
260 |a Buenos Aires :  |b Hammurabi,  |c 2005 
300 |a 568 p. 
020 |a 9507411992 
100 1 |a Stratenwerth, Günter 
700 1 |a Cancio Meliá, Manuel,  |e trad. 
700 1 |a Sancinetti, Marcelo A.,  |e trad. 
650 7 |a DERECHO PENAL 
859 |a DERECHO  |b BIB. DERECHO  |h 345  |i STR  |p 005309 
859 |a DERECHO  |b BIB. DERECHO  |h 345  |i STR  |p 005310  |t 1 
859 |a DERECHO  |b BIB. DERECHO  |h 345  |i STR  |p 005311  |t 2